| 000 -LEADER |
| fixed length control field |
00874nam a2200193Ia 4500 |
| 008 - FIXED-LENGTH DATA ELEMENTS--GENERAL INFORMATION |
| fixed length control field |
200103s 2000 ||||xx |||||||||||||| ||und|| |
| 020 ## - INTERNATIONAL STANDARD BOOK NUMBER |
| International Standard Book Number |
9280161164 |
| 082 ## - DEWEY DECIMAL CLASSIFICATION NUMBER |
| Classification number |
623.880711 |
| Item number |
IMO |
| 110 ## - MAIN ENTRY--CORPORATE NAME |
| Corporate name or jurisdiction name as entry element |
International Maritime Organization |
| 245 #0 - TITLE STATEMENT |
| Title |
Model course 1.24: proficiency in fast rescue boats |
| 260 ## - PUBLICATION, DISTRIBUTION, ETC. (IMPRINT) |
| Name of publisher, distributor, etc |
International Maritime Organization |
| Date of publication, distribution, etc |
2000 |
| Place of publication, distribution, etc |
London |
| 300 ## - PHYSICAL DESCRIPTION |
| Extent |
v, 58 p. |
| 440 ## - SERIES STATEMENT/ADDED ENTRY--TITLE |
| Title |
Model course |
| 504 ## - BIBLIOGRAPHY, ETC. NOTE |
| Bibliography, etc |
Introduction<br/>Part A. Course framework<br/>Part B. Course outline and timetable<br/>Part C. Detailed teaching syllabus<br/>Part D. Instructor manual<br/>Attachment: Guidance on the implementation of model courses<br/><br/> |
| 520 ## - SUMMARY, ETC. |
| Summary, etc |
This model course was developed with assistance from the Government of India. |
| 650 ## - SUBJECT ADDED ENTRY--TOPICAL TERM |
| Topical term or geographic name as entry element |
Merchant mariners - Training of |
| 700 ## - ADDED ENTRY--PERSONAL NAME |
| Personal name |
Search and rescue operations |
| Relator term |
Survival - Study and teaching |
| 942 ## - ADDED ENTRY ELEMENTS (KOHA) |
| Item type |
Books |